| 000 | 00726nam a2200229Ia 4500 | ||
|---|---|---|---|
| 003 | GCL | ||
| 008 | 140319s9999 xx 000 0 ara d | ||
| 020 | _a417409960 | ||
| 040 |
_aGCL / _cGCL |
||
| 082 | 0 | 4 |
_a608.7 _bم س |
| 100 | 1 | _aكوليير، بروس | |
| 245 | 1 | 0 |
_aتشارلز بابيج : ومحركات الكمال / _cكوليير، بروس |
| 700 | 1 | _aماكلاشلان، جيمس | |
| 260 |
_aالرياض : _bمكتبة العبيكان ، _c2004 |
||
| 300 |
_a160 ص ؛ _c24 سم |
||
| 490 |
_aسلسلة علماء عباقرة _v0 |
||
| 650 | 0 | 4 | _aالمحركات |
| 650 | 0 | 4 | _aالمخترعون |
| 650 | 0 | 4 | _aالرجال - تراجم |
| 650 | 0 | 4 | _aبابيج، تشارلز |
| 942 |
_2ddc _cBK |
||
| 999 |
_c7135 _d7135 |
||